Gaming Quiz

Random Gaming Quiz

Diplomacy Territories Quiz Stats

 Plays Quiz not verified by Sporcle

Challenge
Share
Tweet
Embed
Score 0/76 Timer 06:00
0 Plays Today
% Correct
London
88.9%
Paris
88.9%
Rome
77.8%
Moscow
77.8%
Spain
77.8%
Portugal
77.8%
Liverpool
72.2%
Edinburgh
72.2%
Vienna
72.2%
St. Petersburg
72.2%
Constantinople
72.2%
Greece
72.2%
Wales
66.7%
Picardy
66.7%
Berlin
66.7%
Munich
66.7%
Warsaw
66.7%
Sweden
66.7%
Brest
61.1%
Burgundy
61.1%
Venice
61.1%
Budapest
61.1%
Bohemia
61.1%
Ankara
61.1%
Norway
61.1%
Denmark
61.1%
Holland
61.1%
Belgium
61.1%
Bulgaria
61.1%
North Sea
61.1%
Black Sea
61.1%
Yorkshire
55.6%
Clyde
55.6%
Marseilles
55.6%
Gascony
55.6%
Kiel
55.6%
Silesia
55.6%
Piedmont
55.6%
% Correct
Trieste
55.6%
Tyrolia
55.6%
Tunis
55.6%
North Africa
55.6%
Serbia
55.6%
Rumania
55.6%
Barents Sea
55.6%
Norwegian Sea
55.6%
Baltic Sea
55.6%
English Channel
55.6%
Aegean Sea
55.6%
Ruhr
50%
Prussia
50%
Naples
50%
Livonia
50%
Ukraine
50%
Sevastopol
50%
Smyrna
50%
Syria
50%
Skagerrak
50%
Gulf of Bothnia
50%
North Atlantic Ocean
50%
Irish Sea
50%
Helgoland Bight
50%
Mid-Atlantic Ocean
50%
Eastern Mediterranean
50%
Ionian Sea
50%
Tuscany
44.4%
Apulia
44.4%
Finland
44.4%
Armenia
44.4%
Albania
44.4%
Gulf of Lyon
44.4%
Western Mediterranean
44.4%
Adriatic Sea
44.4%
Tyrrhenian Sea
38.9%
Galacia
22.2%
0%

You're not logged in!

Compare scores with friends on all Sporcle quizzes.
Join for Free
OR
Log In

You Might Also Like...

Show Comments

Extras

Created Jan 13, 2013ReportFavoriteNominate
Tags:diplomacy, territory

Top Quizzes Today


Score Distribution

Your Account Isn't Verified!

In order to create a playlist on Sporcle, you need to verify the email address you used during registration. Go to your Sporcle Settings to finish the process.

Report this User

Report this user for behavior that violates our Community Guidelines.

Details: